000 00830nam a22002417a 4500
003 OSt
005 20230125103935.0
008 171014s2003 cr||||| |||| 00| 0 spa d
020 _a0 917535 20 0
040 _cLado V
082 0 4 _a700.92
_bN682e
100 _9603
_aNieves, Marysol
_eautor
245 _aThe exhibition and catalogue Liliana Porter: Fragments of the Journey werw sponsored by AT&T./
250 _a1ra.
260 _aNew York
_bBronx Museum of the Arts
_c1992
300 _a95p.
_c22x21cm
650 _2Tesauro de Arte & Arquitectura
_aANALISIS
650 _2Tesauro de Arte & Arquitectura
_aTEORIA
650 _2Tesauro de Arte & Arquitectura
_aCATALOGO
650 _2Tesauro de Arte & Arquitectura
_aARTE
700 _aLomas, Eduardo
_eeditor
942 _2ddc
_c1
_h700.92
_iN682e
_n0
999 _c2869
_d2869